000 00334nam a22001457a 4500
008 210429b ||||| |||| 00| 0 eng d
020 _a9780199828142
041 _aeng
080 _24th
_a34
082 _a34
100 _a13
101 _aJUR
245 _aJuvenile Delinquency Causes and Control
_cRobert Agnew
942 _2udc
_cBK
999 _c56997
_d56997